|
|
|
|
| LEADER |
03093nam a2200805 i 4500 |
| 001 |
nkc20223477839 |
| 003 |
CZ PrNK |
| 005 |
20240724135321.0 |
| 007 |
ta |
| 008 |
230828s2024 xr abe e f 001 0dcze |
| 015 |
|
|
|a cnb003477839
|
| 020 |
|
|
|a 978-80-200-3433-5
|q (vázáno)
|
| 035 |
|
|
|a (OCoLC)1425859325
|
| 040 |
|
|
|a ABA001
|b cze
|d BOA001
|e rda
|
| 041 |
1 |
|
|a cze
|h ger
|
| 043 |
|
|
|a a-is---
|
| 072 |
|
7 |
|a 94(560/569.5)
|x Dějiny států západní Asie. Blízký východ
|2 Konspekt
|9 8
|
| 080 |
|
|
|a 26-236.5
|2 MRF
|
| 080 |
|
|
|a 2-523
|2 MRF
|
| 080 |
|
|
|a 726
|2 MRF
|
| 080 |
|
|
|a 2-523.3
|2 MRF
|
| 080 |
|
|
|a 72:904
|2 MRF
|
| 080 |
|
|
|a 2-6+316.72/.75
|2 MRF
|
| 080 |
|
|
|a 94(569.44)
|2 MRF
|
| 080 |
|
|
|a (569.44)
|2 MRF
|
| 080 |
|
|
|a (048.8)
|2 MRF
|
| 080 |
|
|
|a (036)
|2 MRF
|
| 100 |
1 |
|
|a Küchler, Max,
|d 1944-
|7 skuk0003557
|4 aut
|
| 240 |
1 |
0 |
|a Jerusalem.
|l Česky
|
| 245 |
1 |
0 |
|a Jeruzalém :
|b příručka a kulturněhistorický průvodce Svatým městem /
|c Max Küchler (s příspěvkem Klause Biebersteina) ; z německého originálu Jerusalem ... přeložili Pavel Čech a Vlastimil Drbal
|
| 250 |
|
|
|a Vydání první
|
| 264 |
|
1 |
|a Praha :
|b Academia,
|c 2024
|
| 300 |
|
|
|a 835 stran :
|b ilustrace, 1 mapa, plány ;
|c 24 cm
|
| 336 |
|
|
|a text
|b txt
|2 rdacontent
|
| 337 |
|
|
|a bez média
|b n
|2 rdamedia
|
| 338 |
|
|
|a svazek
|b nc
|2 rdacarrier
|
| 490 |
1 |
|
|a Historie měst a území ;
|v sv. 3
|
| 500 |
|
|
|a Chronologický přehled
|
| 500 |
|
|
|a Terminologický slovník
|
| 504 |
|
|
|a Obsahuje bibliografii a rejstřík
|
| 630 |
0 |
7 |
|a Bible
|7 unn2006374667
|2 czenas
|
| 630 |
0 |
9 |
|a Bible
|2 eczenas
|
| 650 |
0 |
7 |
|a biblické události
|7 ph138437
|2 czenas
|
| 650 |
0 |
7 |
|a monoteistická náboženství
|7 ph115348
|z Izrael
|2 czenas
|
| 650 |
0 |
7 |
|a sakrální stavby
|7 ph137431
|z Izrael
|2 czenas
|
| 650 |
0 |
7 |
|a svatyně
|7 ph165209
|z Izrael
|2 czenas
|
| 650 |
0 |
7 |
|a architektonické památky
|7 ph118585
|z Izrael
|2 czenas
|
| 650 |
0 |
9 |
|a Biblical events
|2 eczenas
|
| 650 |
0 |
9 |
|a monotheistic religions
|z Israel
|2 eczenas
|
| 650 |
0 |
9 |
|a sacred buildings
|z Israel
|2 eczenas
|
| 650 |
0 |
9 |
|a shrines
|z Israel
|2 eczenas
|
| 650 |
0 |
9 |
|a architectural monuments
|z Israel
|2 eczenas
|
| 651 |
|
7 |
|a Jeruzalém
|7 ge134245
|x dějiny
|2 czenas
|
| 651 |
|
7 |
|a Jeruzalém
|7 ge134245
|x náboženské a kulturní poměry
|2 czenas
|
| 651 |
|
9 |
|a Jerusalem
|x history
|2 eczenas
|
| 651 |
|
9 |
|a Jerusalem
|x religious and cultural conditions
|2 eczenas
|
| 655 |
|
7 |
|a přehledy
|7 fd133202
|2 czenas
|
| 655 |
|
7 |
|a průvodce
|7 fd133154
|2 czenas
|
| 655 |
|
9 |
|a surveys
|2 eczenas
|
| 655 |
|
9 |
|a guidebooks
|2 eczenas
|
| 700 |
1 |
|
|a Bieberstein, Klaus,
|d 1955-
|7 mub2014814692
|4 aut
|
| 700 |
1 |
|
|a Čech, Pavel,
|d 1974-
|7 xx0023930
|4 trl
|
| 700 |
1 |
|
|a Drbal, Vlastimil,
|d 1975-
|7 xx0028591
|4 trl
|
| 830 |
|
0 |
|a Historie měst a území
|0 s
|
| 910 |
2 |
|
|a BOA001
|b 2-1519.370
|
| 990 |
|
|
|a BK
|
| 995 |
|
|
|a 01
|
| 991 |
|
|
|b 202401
|c NOV
|
| 996 |
6 |
|
|b 2610959414
|c 2-1519.370
|l MZK
|r Sklad / do 1 hodiny
|n 0
|p p.v.
|w 001950984
|u 000010
|a 1
|e BOA001
|j MZK50
|s P
|
| 996 |
7 |
|
|b 2610960132
|c 2-1519.370
|l Vol.výběr
|r VV 1p
|n 6
|p kup
|h 94(5/9) KUC
|w 001950984
|u 000020
|a 0
|e BOA001
|j MZK50
|s A
|